>A to Z< - European Union members Quiz Stats

 Plays Quiz not verified by Sporcle

Challenge
Share
Tweet
Score 0/27 Timer 05:00
0 Plays Today
First Letter Country % Correct
BBelgique / België
85.8%
DDanmark
81.2%
BБългария
71.1%
FFrance
70.2%
CČesko
67.9%
EEesti
67.4%
UUnited Kingdom
66.1%
IItalia
63.8%
DDeutschland
61.9%
PPortugal
58.7%
LLatvija
54.1%
PPolska
54.1%
EEspaña
52.3%
NNederland
51.4%
First Letter Country % Correct
SSverige
50.5%
RRomânia
50%
LLietuva
49.1%
SSlovensko
49.1%
EÉire
48.2%
SSlovenija
47.2%
LLëtzebuerg
45.4%
EΕλλάδα
43.1%
MMalta
42.7%
OÖsterreich
42.7%
SSuomi
38.5%
MMagyarország
37.2%
KKýpros / Kıbrıs
33.5%

You're not logged in!

Compare scores with friends on all Sporcle quizzes.
OR
Log In

You Might Also Like...

Show Comments

Extras

Top Quizzes Today


Score Distribution

Your Account Isn't Verified!

In order to create a playlist on Sporcle, you need to verify the email address you used during registration. Go to your Sporcle Settings to finish the process.

Report this User

Report this user for behavior that violates our Community Guidelines.

Details: